|
|
|
|
| LEADER |
03733nam a2200553 4500 |
| 001 |
978-3-319-89399-0 |
| 003 |
DE-He213 |
| 005 |
20191022053126.0 |
| 007 |
cr nn 008mamaa |
| 008 |
180621s2018 gw | s |||| 0|eng d |
| 020 |
|
|
|a 9783319893990
|9 978-3-319-89399-0
|
| 024 |
7 |
|
|a 10.1007/978-3-319-89399-0
|2 doi
|
| 040 |
|
|
|d GrThAP
|
| 050 |
|
4 |
|a D111-203
|
| 072 |
|
7 |
|a HBJD
|2 bicssc
|
| 072 |
|
7 |
|a HIS037010
|2 bisacsh
|
| 072 |
|
7 |
|a NHDJ
|2 thema
|
| 082 |
0 |
4 |
|a 940.902
|2 23
|
| 245 |
1 |
0 |
|a Devotion to St. Anne in Texts and Images
|h [electronic resource] :
|b From Byzantium to the Late European Middle Ages /
|c edited by Elena Ene D-Vasilescu.
|
| 250 |
|
|
|a 1st ed. 2018.
|
| 264 |
|
1 |
|a Cham :
|b Springer International Publishing :
|b Imprint: Palgrave Pivot,
|c 2018.
|
| 300 |
|
|
|a XVI, 127 p. 19 illus. in color.
|b online resource.
|
| 336 |
|
|
|a text
|b txt
|2 rdacontent
|
| 337 |
|
|
|a computer
|b c
|2 rdamedia
|
| 338 |
|
|
|a online resource
|b cr
|2 rdacarrier
|
| 347 |
|
|
|a text file
|b PDF
|2 rda
|
| 505 |
0 |
|
|a Chapter 1: The lives of Joachim and Anna depicted in the Church of Humor Monastery, Moldavia (Romania); Adriana Balaban Bara -- Chapter 2: The pleasure of child nursing: St. Anna and the infant Mary in texts and Byzantine art; Elena Ene D-Vasilescu -- Chapter 3: The reception of Saint Anne's cult in Hungarian ecclesiastical environment: her legend in codices; Emoke Nagy -- Chapter 4: The Education of the Virgin: an alternative suggestion concerning its origins; Virginia Nixon.
|
| 520 |
|
|
|a St. Anne was popular with representatives of various segments of society - from monks, nuns, members of the clergy, royal patrons, to church-goers of every rank. This book looks into both the public and private worship of this holy woman and brings to the surface some under-exposed aspects of St. Anne's cult. It does so through the examination of manuscripts, monumental art, relics, sculpture, and texts of various genres. The contributors employ a historical as well as a theological perspective on how the cult of St. Anne (sometimes also with glimpses concerning that of Joachim) established itself; referring to areas in Europe which are not frequently discussed in English-language scholarship. This new contribution to the field of hagiography will be of interest to academics from a variety of research fields, including theologians, Byzantinists, art and church historians, and historians of a larger scope. .
|
| 650 |
|
0 |
|a Europe-History-476-1492.
|
| 650 |
|
0 |
|a Religion-History.
|
| 650 |
|
0 |
|a Civilization-History.
|
| 650 |
|
0 |
|a Theology.
|
| 650 |
|
0 |
|a Sociology.
|
| 650 |
|
0 |
|a Gender identity-Religious aspects.
|
| 650 |
1 |
4 |
|a History of Medieval Europe.
|0 http://scigraph.springernature.com/things/product-market-codes/717070
|
| 650 |
2 |
4 |
|a History of Religion.
|0 http://scigraph.springernature.com/things/product-market-codes/1A7000
|
| 650 |
2 |
4 |
|a Cultural History.
|0 http://scigraph.springernature.com/things/product-market-codes/723000
|
| 650 |
2 |
4 |
|a Christian Theology.
|0 http://scigraph.springernature.com/things/product-market-codes/1A3150
|
| 650 |
2 |
4 |
|a Gender Studies.
|0 http://scigraph.springernature.com/things/product-market-codes/X35000
|
| 650 |
2 |
4 |
|a Religion and Gender.
|0 http://scigraph.springernature.com/things/product-market-codes/1A8030
|
| 700 |
1 |
|
|a Ene D-Vasilescu, Elena.
|e editor.
|4 edt
|4 http://id.loc.gov/vocabulary/relators/edt
|
| 710 |
2 |
|
|a SpringerLink (Online service)
|
| 773 |
0 |
|
|t Springer eBooks
|
| 776 |
0 |
8 |
|i Printed edition:
|z 9783319893983
|
| 776 |
0 |
8 |
|i Printed edition:
|z 9783319894003
|
| 776 |
0 |
8 |
|i Printed edition:
|z 9783030077600
|
| 856 |
4 |
0 |
|u https://doi.org/10.1007/978-3-319-89399-0
|z Full Text via HEAL-Link
|
| 912 |
|
|
|a ZDB-2-HTY
|
| 950 |
|
|
|a History (Springer-41172)
|